Estructura social, regm̕enes polt̕icos, estado y polt̕icas agrarias en Centroamřica 1945-1983: Ponencia para el XV congreso Latinoamericano de sociologa̕ "Simn̤ Bolv̕ar" del 10 al 14 de octubre en Managua, Nicaragua /
Saved in:
| Main Author: | |
|---|---|
| Format: | Unknown |
| Language: | Spanish |
| Published: |
Managua, Nicaragua:
Instituto Histr̤ico,
sin fecha
|
| Tags: |
Add Tag
No Tags, Be the first to tag this record!
|
MARC
| LEADER | 00000 a2200000 4500 | ||
|---|---|---|---|
| 003 | cru CIDCACS/IIS | ||
| 005 | 20240814145841.0 | ||
| 008 | 240814bs.f nq ||||| |||| 00| 0 spa d | ||
| 020 | |a [Sin SIBN] | ||
| 040 | |a cru CIDCACS/IIS |b spa |c cru CIDCACS/IIS | ||
| 090 | |a S328e | ||
| 100 | 1 | |a Scheuermeier, Andreas |9 12304 | |
| 245 | |a Estructura social, regm̕enes polt̕icos, estado y polt̕icas agrarias en Centroamřica 1945-1983: |b Ponencia para el XV congreso Latinoamericano de sociologa̕ "Simn̤ Bolv̕ar" del 10 al 14 de octubre en Managua, Nicaragua / |c Andreas Scheuermeier |h [impreso] | ||
| 260 | |a Managua, Nicaragua: |b Instituto Histr̤ico, |c sin fecha | ||
| 300 | |a 17 pg̀inas | ||
| 500 | |a Coleccin̤ Centroamřica | ||
| 942 | |2 z |c LITG | ||
| 999 | |c 10227 |d 10227 | ||
